Rozpoznaj miasto po zdjęciu #6 - Statystyki

Ogólne statystyki
  • Ten quiz został rozwiązany 26 razy
  • Średni wynik to 3 z 10
Statystyki odpowiedzi
Obrazkowy Odpowiedź % Poprawnych
Lizbona
70%
Lima
40%
Valetta
35%
Vancouver
35%
Tunis
30%
Brisbane
25%
Kabul
25%
Antananarywa
20%
Kalkuta
15%
Luanda
5%
Nie znaleziono quizów pasujących do podanych kryteriów
Rozkład punktacji
Procent ludzi z każdym wynikiem
Percentyl według liczby udzielonych odpowiedzi
Twoja historia wyników
Nie rozwiązałeś tego quizu